000 00258nam a22001217a 4500
008 180307b xxu||||| |||| 00| 0 eng d
041 _aeng
080 _a54
100 _a12
101 _akim
245 _achemistry problems
_csienko.m.j
942 _2udc
_cBK
999 _c44325
_d44325